000
00307nam a2200121Ia 4500
008
190216s9999||||xx |||||||||||||| ||und||
100
_a
Sykes Peter
245
0
_a
Guide Book To Mechanism Inorganic Chemistry
260
_b
Orient Longman
_c
1975
300
_a
362p
650
_a
Chemistry-Chemistry
942
_c
BK
999
_c
2061
_d
2061